Catálogo
 En Linea

Historia de la Real fabrica de cristales de San Ildefonso durante la epoca de la ilustración : (Registro nro. 40971)

Detalles MARC
000 -CABECERA
campo de control de longitud fija 00738nam a2200181 a 4500
001 - NÚMERO DE CONTROL
campo de control 000041481
005 - FECHA Y HORA DE LA ÚLTIMA TRANSACCIÓN
campo de control 20201002034928.0
008 - DATOS DE LONGITUD FIJA--INFORMACIÓN GENERAL
campo de control de longitud fija 131007s1994 sp a 000 0 spa d
020 ## - NÚMERO INTERNACIONAL ESTÁNDAR DEL LIBRO
Número Internacional Estándar del Libro 8488044089
040 ## - FUENTE DE LA CATALOGACIÓN
Centro catalogador/agencia de origen DO-SdBNP
Lengua de catalogación spa
Centro/agencia transcriptor BNPHU
082 ## - NÚMERO DE LA CLASIFICACIÓN DECIMAL DEWEY
Número de clasificación xxx
Número de documento/Ítem xxx
100 1# - ENTRADA PRINCIPAL--NOMBRE DE PERSONA
Nombre de persona Pastor Rey de Viñas, Paloma
9 (RLIN) 68170
245 10 - MENCIÓN DE TÍTULO
Título Historia de la Real fabrica de cristales de San Ildefonso durante la epoca de la ilustración :
Resto del título (1727-1810) /
Mención de responsabilidad, etc. Paloma Pastor Rey de Viñas; prólogo, Eliseo de Pablos.
260 ## - PUBLICACIÓN, DISTRIBUCIÓN, ETC.
Lugar de publicación, distribución, etc. [Madrid] :
Nombre del editor, distribuidor, etc. Fundación Centro Nacional del Vidrio
-- Consejo Superior de Investigaciones Científicas,
Fecha de publicación, distribución, etc. 1994.
300 ## - DESCRIPCIÓN FÍSICA
Extensión 847 p. :
Otras características físicas il. ;
Dimensiones 29 cm.
504 ## - NOTA DE BIBLIOGRAFÍA, ETC.
Nota de bibliografía, etc. Bibliografía p: 817-847
700 1# - PUNTO DE ACCESO ADICIONAL--NOMBRE DE PERSONA
Nombre de persona Pablos, Eliseo de
Término indicativo de función/relación prol.
9 (RLIN) 68171
Existencias
Estado de retiro Estado de pérdida Restricciones de uso No para préstamo Código de colección Localización permanente Ubicación/localización actual Ubicación en estantería Fecha de adquisición Número de inventario Total de préstamos Signatura topográfica completa Código de barras Fecha visto por última vez Precio válido a partir de Tipo de ítem Koha
      Excluido de préstamo Monografías: Libros y Folletos General General En catalogación 07.10.2013 LF1   xxx xxx 41481-10 25.06.2020 25.06.2020 No se presta

Con tecnología Koha